Central Library, Doon University
WEBOPAC (ONLINE PUBLIC ACCESS CATALOGUE)

Basics of Digital Forensics (Record no. 60817)

MARC details
000 -LEADER
fixed length control field 00518nam a22001817a 4500
005 - DATE & TIME
control field 20260515164339.0
008 - FIXED-LENGTH DATA ELEMENTS--GENERAL INFORMATION
fixed length control field 260515b |||||||| |||| 00| 0 eng d
020 ## - ISBN
International Standard Book Number 9780128016350
Price 3149.69
040 ## - CATALOGING SOURCE
Original cataloging agency Doon University
041 ## - Language
Language English
082 ## - DDC NUMBER
Classification number 005.8
Book Number SAM
100 ## - MAIN ENTRY--PERSONAL NAME
Personal name Sammons, Joohn
245 ## - TITLE STATEMENT
Title Basics of Digital Forensics
Sub Title : The Primer for Getting Started in Digital Forensics
260 ## - PUBLICATION, DISTRIBUTION, ETC. (IMPRINT)
Place of publication, distribution, etc London
Name of publisher, distributor, etc Elsevier
Date of publication, distribution, etc 2015
300 ## - PHYSICAL DESCRIPTION
Pages 180
650 ## - Subject
Subject Computer Science (PM (USHA)
942 ## - ADDED ENTRY ELEMENTS (KOHA)
Koha item type Books
100 ## - MAIN ENTRY--PERSONAL NAME
-- 26833
650 ## - Subject
-- 26808
952 ## - LOCATION AND ITEM INFORMATION (KOHA)
-- 2026-05-15
Holdings
Withdrawn status Lost status Source of classification or shelving scheme Damaged status Not for loan Location (home branch) Sublocation or collection (holding branch) Date acquired Koha issues (times borrowed) Koha full call number Accession No. Koha date last seen Koha item type
          Doon University Doon University 15.05.2026   005.8 SAM 33175 15.05.2026 Books
Contact : +91-135-2533126 (Library),+91-135-2533105 (Admin Office) , Email : doonlibrary@gmail.com

Powered by Koha